|
|
|
|
| LEADER |
00000cam a2200000 7i4500 |
| 001 |
0000052182 |
| 005 |
20090602093000.0 |
| 008 |
090421s2006 gw eng |
| 020 |
|
|
|a 9783899390773 (hbk.)
|
| 090 |
0 |
0 |
|a TS171.A1
|b .D474
|
| 245 |
0 |
0 |
|a Red Dot design yearbook 2006/2007
|
| 260 |
|
|
|a Germany :
|b Red Dot Design ,
|c c2006
|
| 300 |
|
|
|a 576 p. :
|b ill.(some col.) ;
|c 31cm.
|
| 310 |
|
|
|a Annual
|
| 500 |
|
|
|a Includes index
|
| 546 |
|
|
|a English and German
|
| 650 |
|
0 |
|a Design, Industrial
|x Awards
|v Periodicals
|
| 650 |
|
0 |
|a Design, Industrial
|x History
|y 21st century
|v Periodicals
|
| 999 |
|
|
|a 1000115792
|b Book
|c Close Access
|e Gong Badak Campus
|